Territories and Disputed Territories of the World - Statistics

General Stats
  • This quiz has been taken 26 times
  • The average score is 22 of 70
Answer Stats
Hint Answer % Correct
Greenland Denmark Nuuk
93%
Scotland United Kingdom Edinburgh
79%
Gibraltar United Kingdom Gibraltar
79%
Puerto Rico United States San Juan
79%
Wales United Kingdom Cardiff
71%
Northern Ireland United Kingdom Belfast
64%
Hong Kong United Kingdom Hong Kong
64%
Bermuda United Kingdom Hamilton
57%
Macao China Macao
57%
Aruba Netherlands Oranjestad
57%
Sint Eustatius Netherlands Oranjestad
57%
Anguilla United Kingdom The Valley
57%
Saint-Pierre and Miquelon France Saint-Pierre
50%
St. Pierre and Miquelon France St. Pierre
50%
Curaçao Netherlands Willemstad
50%
French Guiana France Cayenne
43%
Isle of Man United Kingdom Douglas
43%
American Samoa United States Pago Pago
43%
Palestine Israel Ramallah
43%
Saba Netherlands The Bottom
43%
Turks and Caicos Islands United Kingdom Cockburn Town
36%
Ascension Island United Kingdom Georgetown
36%
Cayman Islands United Kingdom George Town
36%
Saint Barthélemy France Gustavia
36%
Bonaire Netherlands Kralendijk
36%
French Polynesia France Papeete
36%
Falkland Islands United Kingdom Stanley
36%
Faroe Islands Denmark Tórshavn
36%
Pitcairn Islands United Kingdom Adamstown
29%
Christmas Island Australia Flying Fish Cove
29%
Martinique France Fort-de-France
29%
Guam United States Hagåtña
29%
Saint Helena United Kingdom Jamestown
29%
Tibet China Lhasa
29%
Svalbard Norway Longyearbyen
29%
New Caledonia France Noumea
29%
British Virgin Islands United Kingdom Road Town
29%
Réunion France St.-Denis
29%
Guadeloupe France Basse-Terre
21%
U.S. Virgin Islands United States Charlotte Amalie
21%
Akrotiri and Dhekelia United Kingdom Episkopi Cantonment
21%
Kurdistan Turkey/Iran/Iraq/Syria Erbil
21%
Somaliland Somalia Hargeisa
21%
Saint Martin France Marigot
21%
French Southern Territories France Port-aux-Francais
21%
Transnistria Moldova Tiraspol
21%
Cocos (Keeling) Islands Australia West Island
21%
Cook Islands New Zealand Avarua
14%
Montserrat United Kingdom Brades
14%
Tristan da Cunha United Kingdom Edinburgh of the Seven Seas
14%
Easter Island Chile Hanga Roa
14%
Western Sahara Morroco Laayoune
14%
Åland Islands Finland Mariehamm
14%
Wallis and Futuna France Mata Utu
14%
Northern Cyprus Cyprus North Nicosia
14%
Sint Maarten Netherlands Philipsburg
14%
Jersey United Kingdom St. Helier
14%
Guernsey United Kingdom St. Peter Port
14%
Niue New Zealand Alofi
7%
Tokelau New Zealand Atafu
7%
British Indian Ocean Territory United Kingdom Camp Thunder Cove
7%
Northern Mariana Islands United States Capitol Hill, Saipan
7%
West Papua Indonesia Jayapura
7%
South Georgia and the South Sandwich Islands United Kingdom King Edward Point
7%
Norfolk Island Australia Kingston
7%
Mayotte France Mamoudzou
7%
Abkhazia Georgia Sokhumi
7%
Kashmir India Srinagar
7%
Nagorno-Karabakh Azerbaijan Stepanakert
7%
South Ossetia Georgia Tskhinvali
7%
No matching quizzes found
Score Distribution
Percent of People with Each Score
Percentile by Number Answered
Your Score History
You have not taken this quiz